Catalog

Record Details

Catalog Search



Jim Cramer's stay mad for life : get rich, stay ... Read More

Cramer, Jim.(Author).
Mason, Cliff.(Added Author).

Available copies

  • 1 of 1 copy available at LARL/NWRL Consortium. (Show)
  • 1 of 1 copy available at Northwest Regional Library.

Current holds

0 current holds with 1 total copy.

Show All Copies
Location Call Number / Copy Notes Barcode Shelving Location Status Due Date
Warroad Public Library 332.6097 CRA (Text) 35500004156343 Main Available -

Record details

  • ISBN: 9781416558859
  • ISBN: 1416558853
  • Physical Description: xiii, 269 p. ; 25 cm.
  • Publisher: New York : Simon & Schuster, c2007.

Content descriptions

General Note:
Includes index.
Formatted Contents Note:
Get rich and stay rich -- Getting started -- How ... Read More
Subject: Finance, Personal > United States.
Investments > United States.
Stocks > United States.
Financial security > United States.
LDR 01774cam a22003858a 4500
00183639
003LARL_NWRL_CONSORTIUM
00520071129171701.0
008070917s2007 nyu 001 0 eng
010 . ‡a2007037838
019 . ‡a154806706
020 . ‡a9781416558859
020 . ‡a1416558853
035 . ‡a(OCoLC)173149682 ‡z(OCoLC)154806706
040 . ‡aDLC ‡cDLC ‡dBTCTA ‡dBAKER ‡dYDXCP ‡dIK2 ‡dP@N
043 . ‡an-us---
08200. ‡a332.60973 ‡222
1001 . ‡aCramer, Jim. ‡0(LARL_NWRL_CONSORTIUM)131881
24510. ‡aJim Cramer's stay mad for life : ‡bget rich, stay rich (make your kids even richer) / ‡cJames J. Cramer with Cliff Mason.
24630. ‡aStay mad for life : ‡bget rich, stay rich (make your kids even richer)
260 . ‡aNew York : ‡bSimon & Schuster, ‡cc2007.
300 . ‡axiii, 269 p. ; ‡c25 cm.
500 . ‡aIncludes index.
5050 . ‡aGet rich and stay rich -- Getting started -- How to stop yourself from becoming poor -- Planning for retirement -- Investing for a lifetime and what youre investing in -- Family finances -- Twenty new rules for investing -- What the pros do right and the amateurs do wrong -- Five bull markets and twenty stocks for the long term -- My guide to mutual funds.
650 0. ‡aFinance, Personal ‡zUnited States. ‡0(LARL_NWRL_CONSORTIUM)165051
650 0. ‡aInvestments ‡zUnited States. ‡0(LARL_NWRL_CONSORTIUM)165258
650 0. ‡aStocks ‡zUnited States. ‡0(LARL_NWRL_CONSORTIUM)167322
650 0. ‡aFinancial security ‡zUnited States.
7001 . ‡aMason, Cliff. ‡0(LARL_NWRL_CONSORTIUM)196683
901 . ‡a83639 ‡bOCLC ‡c83639 ‡tbiblio

Additional Resources